| 000 | 00404nam a2200157Ia 4500 | ||
|---|---|---|---|
| 005 | 20250318161430.0 | ||
| 008 | 240331s9999 xx 000 0 und d | ||
| 020 | _a8123406371 | ||
| 082 |
_bRAG _a894 |
||
| 100 | _aRagunathan, T.M.C | ||
| 245 | 0 | _aPuthumaippiththan kathaikal | |
| 260 |
_aChennai _bNewcentury book house ( pvt) Ltd _c1999 |
||
| 300 | _aIx, 530 p ., | ||
| 650 | _aKadooraigal | ||
| 942 | _cL | ||
| 999 |
_c4115 _d4115 |
||